1353 1721 1301 1951 1420 1112 1754 1151 1005 1764 1057 1821 1505 1298 1579 1009 1438 1325 1656 1586 1661 1162 1748 1597 1326 1204 1105 1860 1373 1822 1145 1884 1560 1322 1484 1292 1607 1560 1770 1108 1517 1480 1336 1233 1497 1663 1887 1225 1755 1663 1456 1384 1411 1418 1101 1276 1838 1241 1095 1885 1530 1234 1093 1863 1007 1087 1482 1526 1415 1073 1469 1134 1105 1481 1851 1793 1913 1798 1487 1855 1187 1958 1412 1562 1427 1343 1986 1204 1855 1292 1050 1087 1112 1970 1546 1093 1765 1401 1534 BCNSPRNW ULIB Ver.6.0+V

เปลี่ยนเป็นภาษาไทย

Change to English
 แสดงรายละเอียดบรรณานุกรม
  กลับหน้าหลัก

Brief Record : Get Marc (ISO 2709) : E-mail record : QR code < ปิดหน้าต่าง
LEADER : 00000nam 2200000uu 4500
001    13399129212
003     ULIB
008    260511s2025||||th 000 0 tha d
020    ^a9781394202355
060  4 ^aWY160^bL377T
100 1  ^aDuncan, Laura.
245 1  ^aThriving in mental health nursing^h[electronic resource] /^cLaura Duncan.
260    ^aHoboken, NJ :^bWiley,^c2025.
300    ^a1 online resource.
520 8  ^aMental Health Nursing is a rapidly changing and growing area of healthcare that can be challenging and dynamic to work within. This book aims to help Mental Health professionals consider their own skills, their development needs and wellbeing as well as exploring the latest clinical research within the field and what this means for the clients we care for and support. Through the use of discussion, vignettes and activity suggestions, this book aims to improve attitudes and understanding of healthcare professionals throughout their career from first embarking on a training course to being an experienced Mental Health Nurse.A&^770; A&^770; The majority of Mental Health Nursing books focus on clinical skills or are condition focussed. Many don t encompass the need to focus on the wellbeing of the Mental Health Professional within the same context. This text will provide a 360 view of what it means to be a Mental Health Nurse and how to be a resilient, positive and proactive professional. Ensuring our own wellbeing and resilience is crucial to providing excellent quality care and so within this book we will look at the key topics from all angles.
650  0 ^aMental health personnel.
650  0 ^aNursing.
650  0 ^aPsychiatric nursing.
856 4  ^a^zWiley Online Library^uhttp://onlinelibrary.wiley.com/book/10.1002/97813
999    ^aประนอม เกษจรัล
รายการนี้ยังไม่มีแท็ก
คุณยังไม่ได้ล็อกอิน คุณสามารถมีกิจกรรมร่วมกับเว็บไซต์ได้ แต่ต้องล็อกอินก่อน ::
  ล็อกอิน

รายการสื่อสารสนเทศ

ลำดับที่ ประเภท เลขเรียก/บาร์โค้ด สถานที่ สถานะ
1. Book การพยาบาล
หนังสือสำรอง
สถานะ=หนังสือสำรอง
WY160 L377T ฉ.1 
  Barcode: 012198
ห้องสมุดวิทยาเขตสวรรค์ประชารักษ์
►หนังสือทั่วไป
บนชั้น
*เพิ่งรับคืน

รายการใกล้เคียง
    หัวเรื่อง [Nursing.]
    หัวเรื่อง [Psychiatric nursing.]

BibComment


ยังไม่เคยถูกคอมเมนท์

คอมเมนท์ทรัพยากรรายการนี้
  คอมเมนท์: Thriving in ment..


 Copyright 2026. Bcnsprnw @Library